Úlohy cestovného ruchu pri prehlbovaní socialistickej ekonomickej integrácie čiastková úloha

Salvato in:
Dettagli Bibliografici
Autore principale: Maholáni, Rudolf
Natura: Libro
Lingua:slovacco
Pubblicazione: Banská Bystrica Vysoká škola ekonomická 1980
Tags: Aggiungi Tag
Nessun Tag, puoi essere il primo ad aggiungerne!!

MARC

LEADER 00000nam a2200000 4500
001 c139145
005 20260325100326.9
041 0 |a slo 
044 |a SK 
245 1 0 |a Úlohy cestovného ruchu pri prehlbovaní socialistickej ekonomickej integrácie  |b čiastková úloha  |c Rudolf Maholáni 
264 1 |a Banská Bystrica  |b Vysoká škola ekonomická  |c 1980 
300 |a 120 s. 
100 1 |a Maholáni, Rudolf